| 000 | 00420nam a2200181Ia 4500 | ||
|---|---|---|---|
| 001 | 15504 | ||
| 005 | 20260306170201.0 | ||
| 008 | 260306t1991||||xx |||||||||||||| ||und|| | ||
| 041 | _aESP | ||
| 082 |
_a541.369 _bA12 |
||
| 100 |
_aAbbott, Michael M. _eAUT |
||
| 245 | 0 | _aTermodinámica | |
| 260 | _c1991 | ||
| 300 |
_a400 páginas : 23 páginas : _c |
||
| 650 | _aGEN | ||
| 654 | _aCCN | ||
| 942 |
_cLIB _dJUS _fJUS _2ddc _n |
||
| 999 |
_c15504 _d15504 |
||